=LDR 00000nam 2200000 4500 =001 INLIS000000000002481 =005 20130612090820 =008 ***********************************Ind** =035 ##$$0010-061300000002481 =041 ##$$a Ind =082 ##$$a 616.849 =090 ##$$a 616.849, Bal e =100 ##$$a Baldew,I.M =245 ##$$a Enuresis, I.M.Baldew; Alih bahasa, Indrawati S =260 ##$$a 1991 $b Jakarta =300 ##$$a 70 hlm, ilus, 20 cm =650 ##$$a Enuresis =700 ##$$a Indrawati S =850 ##$$a NBPNMAT